<?xml version="1.0" encoding="UTF-8"?>
<collection xmlns="http://www.loc.gov/MARC21/slim">
 <record>
  <leader>01895nam a22002057a 4500</leader>
  <controlfield tag="001">NCT_82356</controlfield>
  <controlfield tag="008">200722b        xxu||||| |||| 00| 0 vie d</controlfield>
  <datafield tag="999" ind1=" " ind2=" ">
   <subfield code="c">4052</subfield>
   <subfield code="d">4052</subfield>
  </datafield>
  <datafield tag="020" ind1=" " ind2=" ">
   <subfield code="a">9786045896228</subfield>
   <subfield code="c">195000</subfield>
  </datafield>
  <datafield tag="082" ind1="0" ind2="4">
   <subfield code="2">23rd ed.</subfield>
   <subfield code="a">613.7148</subfield>
   <subfield code="b">Đ108/Q.1</subfield>
  </datafield>
  <datafield tag="100" ind1="1" ind2=" ">
   <subfield code="a">Trần Nguyên Đạo</subfield>
  </datafield>
  <datafield tag="245" ind1="0" ind2="0">
   <subfield code="a">Khí công dưỡng sinh - Nội công Võ Gia Vovinam Việt Võ Đạo</subfield>
   <subfield code="n">Quyển 1</subfield>
   <subfield code="p">Nội công nhập môn</subfield>
   <subfield code="c">Trần Nguyên Đạo</subfield>
  </datafield>
  <datafield tag="260" ind1=" " ind2=" ">
   <subfield code="a">TP. Hồ Chí Minh</subfield>
   <subfield code="b">Tổng hợp Thành phố Hồ Chí MInh</subfield>
   <subfield code="c">2019</subfield>
  </datafield>
  <datafield tag="300" ind1=" " ind2=" ">
   <subfield code="a">298 tr.</subfield>
   <subfield code="b">Minh họa</subfield>
   <subfield code="c">30cm</subfield>
  </datafield>
  <datafield tag="520" ind1="3" ind2=" ">
   <subfield code="a">Trình bày tổng quan về khí công học, khí công và dịch cân kinh, mục đích của luyện tập khí công. Tìm hiểu về khí; tiến trình luyện tập khí công; các kiến thức, nguyên tắc căn bản; phương pháp điều thân, điều ý, điều tâm, điều tức. Giới thiệu và hướng dẫn thực hành luyện tập các bài khí công dưỡng sinh và nội công Võ gia với 6 trình độ từ thấp đến cao. Đây là một công trình nghiên cứu cũng như thực hành cho Vovinam - Việt võ đạo do Võ sư Chưởng môn đời thứ 3 Trần Huy Phong cùng võ sư Phan Trương Bình khởi xướng và truyền dạy.</subfield>
  </datafield>
  <datafield tag="653" ind1=" " ind2=" ">
   <subfield code="a">Cơ bản</subfield>
  </datafield>
  <datafield tag="942" ind1=" " ind2=" ">
   <subfield code="2">ddc</subfield>
   <subfield code="c">BK</subfield>
  </datafield>
  <datafield tag="952" ind1=" " ind2=" ">
   <subfield code="0">0</subfield>
   <subfield code="1">0</subfield>
   <subfield code="2">ddc</subfield>
   <subfield code="4">0</subfield>
   <subfield code="6">613_714800000000000_Đ108_Q_1</subfield>
   <subfield code="7">0</subfield>
   <subfield code="9">19938</subfield>
   <subfield code="a">000001</subfield>
   <subfield code="b">000001</subfield>
   <subfield code="d">2020-07-22</subfield>
   <subfield code="o">613.7148 Đ108/Q.1</subfield>
   <subfield code="p">MD.17397</subfield>
   <subfield code="r">2020-07-22</subfield>
   <subfield code="v">195000.00</subfield>
   <subfield code="w">2020-07-22</subfield>
   <subfield code="y">BK</subfield>
  </datafield>
  <datafield tag="952" ind1=" " ind2=" ">
   <subfield code="0">0</subfield>
   <subfield code="1">0</subfield>
   <subfield code="2">ddc</subfield>
   <subfield code="4">0</subfield>
   <subfield code="6">613_714800000000000_Đ108_Q_1</subfield>
   <subfield code="7">0</subfield>
   <subfield code="9">19939</subfield>
   <subfield code="a">000001</subfield>
   <subfield code="b">000001</subfield>
   <subfield code="d">2020-07-22</subfield>
   <subfield code="l">3</subfield>
   <subfield code="m">3</subfield>
   <subfield code="o">613.7148 Đ108/Q.1</subfield>
   <subfield code="p">MD.17398</subfield>
   <subfield code="r">2020-12-26</subfield>
   <subfield code="s">2020-12-14</subfield>
   <subfield code="v">195000.00</subfield>
   <subfield code="w">2020-07-22</subfield>
   <subfield code="y">BK</subfield>
  </datafield>
  <datafield tag="980" ind1=" " ind2=" ">
   <subfield code="a">Thư viện Trường Đại học Nam Cần Thơ</subfield>
  </datafield>
 </record>
</collection>
